Concelhos de Aveiro - Statistics

Estatísticas Gerais
  • Esse quiz foi jogado 810 vezes
  • A pontuação média é 14 de 19
Respostas no mapa
Respostas codificadas por cores de uma escala verde-vermelha no mapa do quiz de acordo com a % correta abaixo.
 
Estatísticas das Respostas
Concelho % Correto
Aveiro
98%
Ovar
87%
Espinho
86%
Santa Maria da Feira
82%
Ílhavo
81%
Arouca
76%
São João da Madeira
76%
Águeda
72%
Oliveira de Azeméis
69%
Estarreja
68%
Albergaria-a-Velha
66%
Anadia
66%
Mealhada
65%
Oliveira do Bairro
63%
Vagos
62%
Murtosa
61%
Castelo de Paiva
59%
Sever do Vouga
57%
Vale de Cambra
56%
Nenhum quiz correspondente encontrado
Distribuição das Pontuações
Porcentagem de Pessoas com Cada Pontuação
Percentil de Números Respondidos
Sua Pontuação Histórica
Você não jogou esse quiz